00596nam a2200181Ia 4500001001000000003000500010008004100015010001100056040000900067082002000076100001700096245008200113300000900195440001600204500010300220650006800323710002300391Para_8374CHAP220125s9999 xx 000 0 und d a207236 cCHAP aPA-C 595.752 A6 aFerris, G.F. aA new species in the hormaphidinae (Hemiptera, Aphididae) /c by G.F. Ferris a3 p. aAphidae; 13 aSobretiro de: Entomological News 32 (21): 289-291, 1921. Encuadernado con otros impresos similares ax Afididos x Colecciones de escritos x Hormaphis hamamelidis aEntomological News